000 00415nam a2200157Ia 4500
003 OSt
005 20240206122600.0
008 170523s9999 xx 000 0 und d
020 _a978-9350245996
040 _ciimt university meerut
100 _aCHUNAWALA- SA
245 0 _aFOUNDATION OF ADVERTISING FINANCIAL MANAGEMENT THEORY AND PRACTICE
260 _bHIMALAYA PUBLICATION
260 _c1999
942 _2ddc
_c02
999 _c340
_d340